00848nam a2200241 a 450000100060000000300080000600500170001400800410003103500190007204000270009104100080011808200220012610000390014824500880018726000510027530000210032650000180034765000230036570000560038894200120044499900170045695201330047360364BD-RjUL20211209080829.0161231s1962 enk 001 0 eng  a(BD-RjUL)60488 aDLCcDLCdBD-RjULbeng aeng00a301223bBRA 19621 aBredemeier, Harry Charles.917964714aThe analysis of social systems /cby Harry C. Bredemeier and Richard M. Stephenson. aNew York :bHolt, Rinehart and Winston,cc1962 a411 p. ;c24 cm. aInclude index 0aSociology.91702501 aStephenson, Richard Manning,ejoint author.9179648 2ddccBK c60364d60364 00102ddc40718NFICaRUCLbRUCLcReadingd1975-01-14eM. obidul huql0o301 BRA 1962r2016-12-31 00:00:00tC-1w2021-12-09yBK